| 000 -LEADER |
| fixed length control field |
00666nam a22002177a 4500 |
| 001 - CONTROL NUMBER |
| control field |
18511 |
| 003 - CONTROL NUMBER IDENTIFIER |
| control field |
BD-DhUAP |
| 005 - DATE AND TIME OF LATEST TRANSACTION |
| control field |
20200316153316.0 |
| 008 - FIXED-LENGTH DATA ELEMENTS--GENERAL INFORMATION |
| fixed length control field |
200316r20132011bg ||||| |||| 00| 0 eng d |
| 020 ## - INTERNATIONAL STANDARD BOOK NUMBER |
| International Standard Book Number |
9847002000086 |
| 040 ## - CATALOGING SOURCE |
| Original cataloging agency |
BD-DhUAP |
| Language of cataloging |
Eng |
| Transcribing agency |
BD-DhUAP |
| Modifying agency |
BD-DhUAP |
| 082 ## - DEWEY DECIMAL CLASSIFICATION NUMBER |
| Edition number |
23 |
| Classification number |
821.912 HEA |
| 100 ## - MAIN ENTRY--PERSONAL NAME |
| Personal name |
Heaney, Semus. |
| 245 ## - TITLE STATEMENT |
| Title |
A guide to selected poems / |
| Statement of responsibility, etc. |
Semus Heaney ; edited by Geetanjali Mukherjee. |
| 250 ## - EDITION STATEMENT |
| Edition statement |
3rd Inl. ed. |
| 260 ## - PUBLICATION, DISTRIBUTION, ETC. |
| Place of publication, distribution, etc. |
Dhaka : |
| Name of publisher, distributor, etc. |
friends' book corner, |
| Date of publication, distribution, etc. |
c2011 [Reprinted 2013]. |
| 300 ## - PHYSICAL DESCRIPTION |
| Extent |
294 pages ; |
| Dimensions |
22 cm. |
| 650 ## - SUBJECT ADDED ENTRY--TOPICAL TERM |
| Topical term or geographic name entry element |
English poetry |
| Form subdivision |
History and criticism. |
| 700 ## - ADDED ENTRY--PERSONAL NAME |
| Personal name |
Mukherjee, Geetanjali. |
| 942 ## - ADDED ENTRY ELEMENTS (KOHA) |
| Source of classification or shelving scheme |
|
| Koha item type |
Book |